Mediálne správanie slovenského spotrebiteľa

Salvato in:
Dettagli Bibliografici
Autore principale: Labská, Helena
Natura: Capitolo di libro
Lingua:slovacco
Tags: Aggiungi Tag
Nessun Tag, puoi essere il primo ad aggiungerne!!

MARC

LEADER 00000naa$a2200000$$$4500
001 0064597
005 20240502071746.2
041 0 |a slo 
044 |a SK 
245 1 0 |a Mediálne správanie slovenského spotrebiteľa  |c Helena Labská 
100 1 |a Labská, Helena